000 00450nam a2200181Ia 4500
005 20250423095007.0
008 250422s9999 xx 000 0 und d
020 _a9789332901384
050 _aQA 76.9.D3 .S55/
100 _aSilberschatz, Abraham
245 0 _aDatabase system concepts
260 _aNew Delhi
260 _bMcGraw-Hill Education
260 _c2015
300 _a1349 p
650 _a Database management.
942 _cBK
999 _c28914
_d28914